| 000 -LEADER |
| fixed length control field |
02249cam a2200433 a 4500 |
| 001 - CONTROL NUMBER |
| control field |
15186955 |
| 003 - CONTROL NUMBER IDENTIFIER |
| control field |
OSt |
| 005 - DATE AND TIME OF LATEST TRANSACTION |
| control field |
20211110154920.0 |
| 008 - FIXED-LENGTH DATA ELEMENTS--GENERAL INFORMATION |
| fixed length control field |
080220s2008 nyua f 001 0 eng |
| 010 ## - LIBRARY OF CONGRESS CONTROL NUMBER |
| LC control number |
2008008030 |
| 015 ## - NATIONAL BIBLIOGRAPHY NUMBER |
| National bibliography number |
GBA847347 |
| Source |
bnb |
| 016 7# - NATIONAL BIBLIOGRAPHIC AGENCY CONTROL NUMBER |
| Record control number |
014566207 |
| Source |
Uk |
| 020 ## - INTERNATIONAL STANDARD BOOK NUMBER |
| International Standard Book Number |
9780071545266 (alk. paper) |
| 035 ## - SYSTEM CONTROL NUMBER |
| System control number |
(OCoLC)ocn199466141 |
| 035 ## - SYSTEM CONTROL NUMBER |
| System control number |
(OCoLC)199466141 |
| Canceled/invalid control number |
(OCoLC)166367451 |
| 038 ## - RECORD CONTENT LICENSOR |
| Staff Name |
khadija |
| 040 ## - CATALOGING SOURCE |
| Original cataloging agency |
DLC |
| Transcribing agency |
DLC |
| Modifying agency |
YDX |
| -- |
BAKER |
| -- |
BTCTA |
| -- |
YDXCP |
| -- |
BIB |
| -- |
UKM |
| -- |
JED |
| -- |
DLC |
| 050 00 - LIBRARY OF CONGRESS CALL NUMBER |
| Classification number |
TL400 |
| Item number |
.G689 2008 |
| 082 00 - DEWEY DECIMAL CLASSIFICATION NUMBER |
| Classification number |
629.227 |
| Edition number |
22 |
| Author Mark |
GAR |
| 100 1# - MAIN ENTRY--PERSONAL NAME |
| Personal name |
Graham, Brad. |
| 9 (RLIN) |
83759 |
| 245 10 - TITLE STATEMENT |
| Title |
Bike, scooter, and chopper projects for the evil genius / |
| Statement of responsibility, etc. |
Brad Graham, Kathy McGowan. |
| 260 ## - PUBLICATION, DISTRIBUTION, ETC. |
| Place of publication, distribution, etc. |
New York : |
| Name of publisher, distributor, etc. |
McGraw-Hill, |
| Date of publication, distribution, etc. |
c2008. |
| 300 ## - PHYSICAL DESCRIPTION |
| Extent |
xi, 300 p. : |
| Other physical details |
ill. ; |
| Dimensions |
28 cm. |
| 440 #0 - SERIES STATEMENT/ADDED ENTRY--TITLE |
| Title |
Evil genius series |
| 9 (RLIN) |
83581 |
| 500 ## - GENERAL NOTE |
| General note |
Includes index. |
| 505 0# - FORMATTED CONTENTS NOTE |
| Formatted contents note |
Project 1: a complete bicycle autopsy -- Project 2: the Gladiator Chopper -- Project 3: Old Skool Attitude -- Project 4: Whippersnapper -- Project 5: Streetfox Tadpole trike -- Project 6: Deltawolf racing trike -- Project 7: Little Warrior trike -- Project 8: Spincycle stunt trike -- Project 9: UCan2 handcycle -- Project 10: Skystyle tallbike -- Project 11: Sparky minibike -- Project 12: Longranger scooter -- Project 13: Silent Speedster -- Project 14: Kids' electric trike. |
| 563 ## - BINDING INFORMATION |
| Binding note |
PB |
| 650 #0 - SUBJECT ADDED ENTRY--TOPICAL TERM |
| Topical term or geographic name entry element |
Bicycles |
| General subdivision |
Design and construction |
| Form subdivision |
Amateurs' manuals. |
| 9 (RLIN) |
83760 |
| 650 #0 - SUBJECT ADDED ENTRY--TOPICAL TERM |
| Topical term or geographic name entry element |
Tricycles |
| General subdivision |
Design and construction |
| Form subdivision |
Amateurs' manuals. |
| 9 (RLIN) |
83761 |
| 650 #0 - SUBJECT ADDED ENTRY--TOPICAL TERM |
| Topical term or geographic name entry element |
Pedicabs |
| General subdivision |
Design and construction |
| Form subdivision |
Amateurs' manuals. |
| 9 (RLIN) |
83762 |
| 650 #0 - SUBJECT ADDED ENTRY--TOPICAL TERM |
| Topical term or geographic name entry element |
Motor scooters |
| General subdivision |
Design and construction |
| Form subdivision |
Amateurs' manuals. |
| 9 (RLIN) |
83763 |
| 700 1# - ADDED ENTRY--PERSONAL NAME |
| Personal name |
McGowan, Kathy. |
| 9 (RLIN) |
83764 |
| 856 41 - ELECTRONIC LOCATION AND ACCESS |
| Materials specified |
Table of contents only |
| Uniform Resource Identifier |
<a href="http://www.loc.gov/catdir/enhancements/fy0814/2008008030-t.html">http://www.loc.gov/catdir/enhancements/fy0814/2008008030-t.html</a> |
| 856 42 - ELECTRONIC LOCATION AND ACCESS |
| Materials specified |
Contributor biographical information |
| Uniform Resource Identifier |
<a href="http://www.loc.gov/catdir/enhancements/fy0814/2008008030-b.html">http://www.loc.gov/catdir/enhancements/fy0814/2008008030-b.html</a> |
| 856 42 - ELECTRONIC LOCATION AND ACCESS |
| Materials specified |
Publisher description |
| Uniform Resource Identifier |
<a href="http://www.loc.gov/catdir/enhancements/fy0814/2008008030-d.html">http://www.loc.gov/catdir/enhancements/fy0814/2008008030-d.html</a> |
| 906 ## - LOCAL DATA ELEMENT F, LDF (RLIN) |
| a |
7 |
| b |
cbc |
| c |
orignew |
| d |
1 |
| e |
ecip |
| f |
20 |
| g |
y-gencatlg |
| 942 ## - ADDED ENTRY ELEMENTS (KOHA) |
| Source of classification or shelving scheme |
|
| Koha item type |
Book |